Statistics for Interlaced Country Names

Click here to take the quiz!

General Stats

  • This quiz has been taken 19 times
  • The average score is 7 of 12

Answer Stats

Name Part% Correct
TAN
78%
ZANIA
78%
RUS
72%
SIA
72%
BHU
67%
AND
61%
ORRA
61%
POL
61%
CYP
56%
SEY
39%
CHELLES
33%
JER
33%

Score Distribution

Percentile by Number Answered

Percent of People with Each Score

Your Score History

You have not taken this quiz